Celebrities With "T" & "U" Names by Picture - Statistics

General Stats
  • This quiz has been taken 91 times
  • The average score is 9 of 14
Answer Stats
Picture Answer % Correct
Tom Cruise
92%
Tom Hanks
89%
Tom Holland
79%
Usain Bolt
75%
Usher
74%
Tom Hiddleston
73%
Timothee Chalamet
68%
Uma Thurman
65%
Tom Hardy
62%
Tommy Lee Jones
55%
Tilda Swinton
51%
Tim Allen
40%
Tim Burton
38%
Taika Waititi
18%
No matching quizzes found
Score Distribution
Percent of People with Each Score
Percentile by Number Answered
Your Score History
You have not taken this quiz